[Event "Police Gniota Memorial 33rd"]
[Site "Police"]
[Date "2018.07.19"]
[Round "9"]
[White "Swiderski, Radoslaw"]
[Black "Dryja, Szymon"]
[Result "0-1"]
[WhiteElo "1972"]
[BlackElo "1898"]
[PlyCount "102"]
[EventDate "2018.07.11"]
[EventType "swiss"]
[EventRounds "9"]
[EventCountry "POL"]
[SourceTitle "CBM 185 Extra"]
[Source "ChessBase"]
[SourceDate "2018.07.29"]
[SourceVersion "1"]
[SourceVersionDate "2018.07.29"]
[SourceQuality "1"]

1. e4 c5 2. Nf3 Nc6 3. d4 cxd4 4. Nxd4 Qb6 5. Nb3 Nf6 6. Nc3 e6 7. Bd3 Bb4 8. 0-0 0-0 9. Bd2 Be7 10. Kh1 d5 11. exd5 exd5 12. Qf3 Rd8 13. Rae1 Bg4 14. Qg3 a6 15. Bg5 Bh5 16. Na4 Qb4 17. Nac5 Bg6 18. c3 Qb6 19. Na4 Qa7 20. Be3 d4 21. Nxd4 Bd6 22. Qh3 Qb8 23. Bxg6 hxg6 24. Nb6 Ra7 25. Nc4 Ne5 26. Nxd6 Qxd6 27. Bf4 Nfd7 28. Nf3 f6 29. Rd1 Qe7 30. Nxe5 fxe5 31. Rfe1 Raa8 32. Bg3 Nf6 33. Rb1 Rd5 34. c4 Rc5 35. Qh4 e4 36. Qf4 Rxc4 37. Bh4 Re8 38. h3 b5 39. Rbc1 Qe6 40. Rxc4 bxc4 41. Rd1 Nd5 42. Qd2 Nf6 43. Qb4 Kh7 44. Rd6 Qf5 45. Qb7 g5 46. Bg3 e3 47. fxe3 Ne4 48. Rd7 Nxg3+ 49. Kh2 Nh5 50. g4 Qf2+ 51. Kh1 Ng3# 0-1

[Event "Police Gniota Memorial 33rd"]
[Site "Police"]
[Date "2018.07.11"]
[Round "1"]
[White "Swiderski, Radoslaw"]
[Black "Kula, Robert"]
[Result "0-1"]
[WhiteElo "1972"]
[BlackElo "2309"]
[PlyCount "108"]
[EventDate "2018.07.11"]
[EventType "swiss"]
[EventRounds "9"]
[EventCountry "POL"]
[SourceTitle "CBM 185 Extra"]
[Source "ChessBase"]
[SourceDate "2018.07.29"]
[SourceVersion "1"]
[SourceVersionDate "2018.07.29"]
[SourceQuality "1"]

1. e4 e5 2. Nf3 Nc6 3. Bb5 a6 4. Ba4 Nf6 5. 0-0 b5 6. Bb3 Be7 7. Re1 d6 8. c3 Na5 9. Bc2 c5 10. d4 Qc7 11. Nbd2 0-0 12. h3 Bb7 13. d5 Bc8 14. b3 Bd7 15. Nf1 c4 16. Bd2 cxb3 17. axb3 Nb7 18. b4 Rfc8 19. Bd3 h6 20. Ng3 Nd8 21. Nh4 Nh7 22. Nhf5 Bxf5 23. Nxf5 Bg5 24. f4 Bxf4 25. Bxf4 exf4 26. e5 dxe5 27. Qg4 Qb6+ 28. Kh1 Qf6 29. d6 Kh8 30. Ne7 Rcb8 31. Be4 Qxd6 32. Bxa8 Rxa8 33. Qxg7+ Kxg7 34. Nf5+ Kf6 35. Nxd6 Ne6 36. Nxb5 Nhf8 37. Nd6 Nc7 38. Ra5 Ke6 39. Nb7 Nd7 40. Nc5+ Nxc5 41. Rxc5 Nd5 42. Rc6+ Kf5 43. Rxh6 f6 44. Rd1 Nxc3 45. Rd6 Ne4 46. Rb6 Rc8 47. Kh2 Rc1 48. Rh5+ Kg6 49. Rh8 Nf2 50. g4 Rc2 51. Kg1 f3 52. Rb7 Ne4 53. Rhh7 Rg2+ 54. Kf1 Ng3+ 0-1

[Event "Gorzow Wielkopolski Lasker Memor-B 2nd"]
[Site "Gorzow Wielkopolski"]
[Date "2018.07.05"]
[Round "5.1"]
[White "Dzida, Kamil"]
[Black "Swiderski, Radoslaw"]
[Result "0-1"]
[WhiteElo "1854"]
[BlackElo "1983"]
[PlyCount "74"]
[EventDate "2018.07.02"]
[EventType "swiss"]
[EventRounds "7"]
[EventCountry "POL"]
[SourceTitle "EXT 2023"]
[Source "ChessBase"]
[SourceDate "2022.10.05"]
[SourceVersion "1"]
[SourceVersionDate "2022.10.05"]
[SourceQuality "1"]

1. e4 c5 2. Nf3 d6 3. d4 cxd4 4. Nxd4 Nf6 5. Nc3 Nc6 6. Bg5 e6 7. Qd2 a6 8. 0-0-0 Bd7 9. f4 b5 10. Nf3 h6 11. Bxf6 gxf6 12. Kb1 Qb6 13. f5 Ne5 14. Nd4 b4 15. Nce2 Nc4 16. Qd3 Rc8 17. fxe6 fxe6 18. Qf3 e5 19. Nf5 Ba4 20. Nc1 Na3+ 21. bxa3 Bxc2+ 22. Ka1 bxa3 23. Nb3 Bxd1 24. Qxd1 Qb4 25. Qd2 Rc3 26. Nc1 Rh7 27. Ne2 Rb3 28. Qxb4 Rxb4 29. Ne3 Rxe4 30. Nd5 Kf7 31. Kb1 Ke6 32. Nec3 Re1+ 33. Kc2 Rb7 34. Kd2 Ra1 35. Ne3 Rb2+ 36. Nc2 d5 37. Nd1 Bb4+ 0-1

[Event "POL-chT U19 45th"]
[Site "Maslow Pierwszy"]
[Date "2014.08.01"]
[Round "8"]
[White "Swiderski, Radoslaw"]
[Black "Nasuta, Grzegorz"]
[Result "0-1"]
[WhiteElo "1952"]
[BlackElo "2331"]
[PlyCount "78"]
[EventDate "2014.07.25"]
[EventType "team-tourn"]
[EventRounds "9"]
[EventCountry "POL"]
[SourceTitle "EXT 2015"]
[Source "ChessBase"]
[SourceDate "2014.11.20"]
[SourceVersion "1"]
[SourceVersionDate "2014.11.20"]
[SourceQuality "1"]
[WhiteTeam "Gorzow Wielkopolski Stilon U19"]
[BlackTeam "Bialystok MUKS Stoczek 45 U19"]
[WhiteTeamCountry "POL"]
[BlackTeamCountry "POL"]

1. e4 c5 2. Nf3 d6 3. Bb5+ Nc6 4. c3 Nf6 5. Qe2 Bd7 6. 0-0 a6 7. Ba4 b5 8. Bc2 Bg4 9. d3 g6 10. h3 Bxf3 11. Qxf3 Bg7 12. Rd1 Rc8 13. Qe2 Nd7 14. Be3 0-0 15. a4 Qc7 16. axb5 axb5 17. Na3 b4 18. Nb5 Qb7 19. d4 Rb8 20. c4 cxd4 21. Nxd4 Nxd4 22. Bxd4 Bxd4 23. Rxd4 Ra8 24. Rdd1 Rxa1 25. Rxa1 Ra8 26. Qe1 Rxa1 27. Qxa1 Nc5 28. f3 b3 29. Bd1 Qb4 30. Qa8+ Kg7 31. Qd5 Qe1+ 32. Kh2 Qe3 33. h4 h5 34. Qg5 Qe1 35. Qxe7 Qxd1 36. e5 Qd4 37. Qf6+ Kg8 38. Qd8+ Kh7 39. exd6 Nb7 0-1

[Event "POL-chT U19 45th"]
[Site "Maslow Pierwszy"]
[Date "2014.07.30"]
[Round "6"]
[White "Swiderski, Radoslaw"]
[Black "Lewtak, Dominik"]
[Result "0-1"]
[WhiteElo "1952"]
[BlackElo "1986"]
[PlyCount "62"]
[EventDate "2014.07.25"]
[EventType "team-tourn"]
[EventRounds "9"]
[EventCountry "POL"]
[SourceTitle "EXT 2015"]
[Source "ChessBase"]
[SourceDate "2014.11.20"]
[SourceVersion "1"]
[SourceVersionDate "2014.11.20"]
[SourceQuality "1"]
[WhiteTeam "Gorzow Wielkopolski Stilon U19"]
[BlackTeam "Czarna LKSz GCKiP U19"]
[WhiteTeamCountry "POL"]
[BlackTeamCountry "POL"]

1. e4 c5 2. Nf3 Nc6 3. d4 cxd4 4. Nxd4 e5 5. Nb5 d6 6. N1c3 a6 7. Na3 b5 8. Nd5 Nf6 9. Bg5 Be7 10. Bxf6 Bxf6 11. c4 b4 12. Nc2 0-0 13. Ncxb4 Nxb4 14. Nxb4 Qb6 15. Qd2 Rb8 16. Nd3 Qd4 17. f3 Be6 18. Qf2 Qxc4 19. Be2 Bd8 20. Qg3 Ba5+ 21. Kf1 Rfc8 22. h4 Qc2 23. h5 h6 24. Rh4 Bd2 25. Rd1 Bc4 26. f4 exf4 27. Qf3 Bxa2 28. Kg1 Bc4 29. Kh2 Rb3 30. Qg4 Rcb8 31. Nc1 Bxc1 0-1

[Event "POL-chT U19 45th"]
[Site "Maslow Pierwszy"]
[Date "2014.07.25"]
[Round "1"]
[White "Swiderski, Radoslaw"]
[Black "Jarmula, Lukasz"]
[Result "0-1"]
[WhiteElo "1952"]
[BlackElo "2296"]
[PlyCount "64"]
[EventDate "2014.07.25"]
[EventType "team-tourn"]
[EventRounds "9"]
[EventCountry "POL"]
[SourceTitle "EXT 2015"]
[Source "ChessBase"]
[SourceDate "2014.11.20"]
[SourceVersion "1"]
[SourceVersionDate "2014.11.20"]
[SourceQuality "1"]
[WhiteTeam "Gorzow Wielkopolski Stilon U19"]
[BlackTeam "Katowice Hetman Szopienice U19"]
[WhiteTeamCountry "POL"]
[BlackTeamCountry "POL"]

1. e4 c5 2. Nf3 d6 3. d4 cxd4 4. Nxd4 Nf6 5. Nc3 a6 6. Be3 Ng4 7. Bg5 h6 8. Bh4 g5 9. Bg3 Bg7 10. Qd2 h5 11. h3 h4 12. hxg4 hxg3 13. Rxh8+ Bxh8 14. f3 Be5 15. Bc4 Bf4 16. Qd3 Nc6 17. Nxc6 bxc6 18. Ne2 Qb6 19. Qd4 Qxd4 20. Nxd4 c5 21. Ne2 Be5 22. 0-0-0 Bd7 23. Rh1 Bb5 24. Bxb5+ axb5 25. Kb1 d5 26. f4 gxf4 27. Rh5 Bg7 28. exd5 Ra4 29. Kc1 Bd4 30. Rf5 e6 31. dxe6 fxe6 32. Rh5 f3 0-1

[Event "Miedzyzdroje op 3rd"]
[Site "Miedzyzdroje"]
[Date "2013.05.05"]
[Round "9"]
[White "Swiderski, Radoslaw"]
[Black "Jacek, Krystian"]
[Result "1/2-1/2"]
[WhiteElo "1962"]
[BlackElo "2098"]
[PlyCount "102"]
[EventDate "2013.04.27"]
[EventType "swiss"]
[EventRounds "9"]
[EventCountry "POL"]
[SourceTitle "CBM 154 Extra"]
[Source "ChessBase"]
[SourceDate "2013.06.25"]
[SourceVersion "2"]
[SourceVersionDate "2013.06.25"]
[SourceQuality "1"]

1. e4 g6 2. d4 Bg7 3. Nc3 d6 4. Be3 Nd7 5. Qd2 a6 6. f3 e6 7. Nge2 b5 8. Nf4 e5 9. dxe5 dxe5 10. Nfd5 c6 11. Nb6 Nxb6 12. Qxd8+ Kxd8 13. Bxb6+ Ke8 14. 0-0-0 Be6 15. Be2 Bf8 16. Bc7 f6 17. g4 Rc8 18. Bd6 Bxd6 19. Rxd6 Ke7 20. Rhd1 Nh6 21. R6d2 Nf7 22. Bf1 h5 23. h3 Ng5 24. Bg2 hxg4 25. hxg4 Rh2 26. Rh1 Rch8 27. Rxh2 Rxh2 28. Kd1 Bf7 29. Ke1 Ne6 30. Bf1 Rh1 31. Kf2 Nd4 32. Kg2 Rh2+ 33. Kxh2 Nxf3+ 34. Kg3 Nxd2 35. Bd3 Nc4 36. Bxc4 Bxc4 37. a3 a5 38. b4 axb4 39. axb4 Ke6 40. Nd1 f5 41. gxf5+ gxf5 42. exf5+ Kxf5 43. Kf3 Bd5+ 44. Ke3 Be4 45. c3 Bc2 46. Nf2 e4 47. Nh1 Ke5 48. Ng3 Bd3 49. Nh5 Kd5 50. Nf4+ Ke5 51. Nxd3+ exd3 1/2-1/2

[Event "POL-ch U16"]
[Site "Szczyrk"]
[Date "2013.??.??"]
[Round "6"]
[White "Koitka, Jakub"]
[Black "Swiderski, Radoslaw"]
[Result "0-1"]
[WhiteElo "2007"]
[BlackElo "1964"]
[PlyCount "76"]
[EventDate "2013.03.17"]
[EventType "swiss"]
[EventRounds "9"]
[EventCountry "POL"]
[SourceTitle "CBM 153 Extra"]
[Source "ChessBase"]
[SourceDate "2013.04.22"]
[SourceVersion "1"]
[SourceVersionDate "2013.04.22"]
[SourceQuality "1"]

1. d4 Nf6 2. c4 c5 3. d5 e6 4. Nc3 exd5 5. cxd5 d6 6. e4 g6 7. Be2 Bg7 8. Nf3 0-0 9. 0-0 Re8 10. Qc2 Nbd7 11. Bf4 Qe7 12. Bd3 a6 13. a4 c4 14. Bxc4 Nxe4 15. Rfe1 Ndc5 16. Nxe4 Nxe4 17. Rxe4 Qxe4 18. Re1 Qxe1+ 19. Nxe1 Rxe1+ 20. Bf1 Bg4 21. Bd2 Rd1 22. Bc3 Bxc3 23. bxc3 Re8 24. f3 Ree1 25. h3 Rxf1+ 26. Kh2 Bf5 27. Qb2 Rxd5 28. Qxb7 Rd2 29. h4 Rff2 30. Kg3 Rxg2+ 31. Kf4 Rh2 32. Qe7 h6 33. Qf6 Rxh4+ 34. Ke3 Rd3+ 35. Ke2 Rh2+ 36. Ke1 Re3+ 37. Kd1 Bc2+ 38. Kc1 Bxa4 0-1

[Event "POL-ch U16"]
[Site "Szczyrk"]
[Date "2013.??.??"]
[Round "1"]
[White "Molenda, Marcin"]
[Black "Swiderski, Radoslaw"]
[Result "0-1"]
[WhiteElo "1813"]
[BlackElo "1964"]
[PlyCount "76"]
[EventDate "2013.03.17"]
[EventType "swiss"]
[EventRounds "9"]
[EventCountry "POL"]
[SourceTitle "CBM 153 Extra"]
[Source "ChessBase"]
[SourceDate "2013.04.22"]
[SourceVersion "1"]
[SourceVersionDate "2013.04.22"]
[SourceQuality "1"]

1. e4 c5 2. c3 Nf6 3. e5 Nd5 4. Nf3 Nc6 5. Bc4 e6 6. 0-0 d6 7. d4 Be7 8. Nbd2 cxd4 9. cxd4 0-0 10. exd6 Qxd6 11. Ne4 Qc7 12. a3 Rd8 13. Ba2 b6 14. Re1 Bb7 15. Bd2 Qd7 16. Bc3 Rac8 17. Qb3 Nxc3 18. bxc3 Na5 19. Qc2 Qc7 20. Neg5 g6 21. Rxe6 Bxg5 22. Nxg5 fxe6 23. Nxe6 Qd6 24. Nxd8+ Bd5 25. Qa4 Qxd8 26. Bxd5+ Qxd5 27. Re1 Qc6 28. Qb4 Re8 29. Re7 Qd7 30. Rxe8+ Qxe8 31. h3 Qe1+ 32. Kh2 Qxf2 33. Qd6 Qf7 34. Qb8+ Kg7 35. Qe5+ Kh6 36. Qe3+ g5 37. Kg1 Nc4 38. Qe4 Qf1+ 0-1

[Event "POL-ch U16"]
[Site "Szczyrk"]
[Date "2013.??.??"]
[Round "7"]
[White "Swiderski, Radoslaw"]
[Black "Gierulski, Kamil"]
[Result "1/2-1/2"]
[WhiteElo "1964"]
[BlackElo "1856"]
[PlyCount "82"]
[EventDate "2013.03.17"]
[EventType "swiss"]
[EventRounds "9"]
[EventCountry "POL"]
[SourceTitle "CBM 153 Extra"]
[Source "ChessBase"]
[SourceDate "2013.04.22"]
[SourceVersion "1"]
[SourceVersionDate "2013.04.22"]
[SourceQuality "1"]

1. e4 e6 2. d4 d5 3. Nd2 Nf6 4. e5 Nfd7 5. Bd3 c5 6. c3 b6 7. Ne2 Ba6 8. Bxa6 Nxa6 9. 0-0 b5 10. f4 Be7 11. Nf3 Qb6 12. Be3 c4 13. Qc2 g6 14. b3 Nc7 15. a4 cxb3 16. Qxb3 bxa4 17. Qxa4 Qb5 18. Qxb5 Nxb5 19. Nd2 Nb6 20. Kf2 Na3 21. Ra2 Nac4 22. Nxc4 Nxc4 23. Rfa1 a5 24. Nc1 Kd7 25. Nb3 Bd8 26. Nd2 Rc8 27. Nxc4 Rxc4 28. Bd2 Bc7 29. Ke2 h5 30. Kd3 Rb8 31. Ra4 Rxa4 32. Rxa4 Rb1 33. c4 dxc4+ 34. Kxc4 Rg1 35. g3 Rg2 36. Bxa5 Bxa5 37. Rxa5 Rc2+ 38. Kb5 Rb2+ 39. Kc5 Rc2+ 40. Kb5 Rb2+ 41. Kc5 Rc2+ 1/2-1/2

[Event "Rewal op-A 17th"]
[Site "Rewal"]
[Date "2012.08.29"]
[Round "8"]
[White "Swiderski, Radoslaw"]
[Black "Mitura, Vaclav"]
[Result "0-1"]
[WhiteElo "1934"]
[BlackElo "2169"]
[PlyCount "80"]
[EventDate "2012.08.20"]
[EventType "swiss"]
[EventRounds "9"]
[EventCountry "POL"]
[SourceTitle "CBM 150 Extra"]
[Source "ChessBase"]
[SourceDate "2012.10.19"]
[SourceVersion "1"]
[SourceVersionDate "2012.10.19"]
[SourceQuality "1"]

1. e4 c5 2. Nf3 Nc6 3. d4 cxd4 4. Nxd4 e5 5. Nb5 d6 6. N1c3 Be6 7. Nd5 Bxd5 8. exd5 Nb8 9. c4 a6 10. Nc3 Nd7 11. Bd3 Ngf6 12. 0-0 Be7 13. Be3 0-0 14. h3 g6 15. Qb3 b6 16. Qc2 Nh5 17. Be2 Ng7 18. f4 Nf5 19. Qd3 Nxe3 20. Qxe3 exf4 21. Qxf4 Ne5 22. Qd2 Bg5 23. Qc2 Be3+ 24. Kh1 f5 25. Nd1 Bc5 26. Qd2 a5 27. a3 Qh4 28. Rc1 a4 29. Ne3 Rae8 30. Nc2 Nxc4 31. Bxc4 Qxc4 32. Nb4 Re2 33. Qg5 Qe4 34. Nc6 Re8 35. Rc3 Re1 36. Rcf3 Qb1 37. Qf4 R8e4 38. Rxe1 Rxe1+ 39. Kh2 Rh1+ 40. Kg3 Qe1+ 0-1

[Event "Rewal op-A 17th"]
[Site "Rewal"]
[Date "2012.08.27"]
[Round "6"]
[White "Miturova, Magdalena"]
[Black "Swiderski, Radoslaw"]
[Result "1/2-1/2"]
[WhiteElo "2139"]
[BlackElo "1934"]
[PlyCount "57"]
[EventDate "2012.08.20"]
[EventType "swiss"]
[EventRounds "9"]
[EventCountry "POL"]
[SourceTitle "CBM 150 Extra"]
[Source "ChessBase"]
[SourceDate "2012.10.19"]
[SourceVersion "1"]
[SourceVersionDate "2012.10.19"]
[SourceQuality "1"]

1. e4 c5 2. Nf3 d6 3. d4 cxd4 4. Nxd4 Nf6 5. Nc3 Nc6 6. Be2 g6 7. Be3 Bg7 8. 0-0 0-0 9. Nb3 Be6 10. f4 Qc8 11. Kh1 Rd8 12. Bf3 Bc4 13. Rf2 b5 14. Nd5 e6 15. Nxf6+ Bxf6 16. c3 b4 17. cxb4 Nxb4 18. Rd2 Rb8 19. Bxa7 Rb7 20. Be3 Nxa2 21. Nd4 e5 22. fxe5 dxe5 23. Ne2 Bb3 24. Rxd8+ Bxd8 25. Qe1 Qc2 26. Qd2 Qxd2 27. Bxd2 Rd7 28. Be1 Kg7 29. Nc1 1/2-1/2

[Event "Rewal op-A 17th"]
[Site "Rewal"]
[Date "2012.08.25"]
[Round "5"]
[White "Swiderski, Radoslaw"]
[Black "Golek, Jagoda"]
[Result "1-0"]
[WhiteElo "1934"]
[BlackElo "2061"]
[PlyCount "87"]
[EventDate "2012.08.20"]
[EventType "swiss"]
[EventRounds "9"]
[EventCountry "POL"]
[SourceTitle "CBM 150 Extra"]
[Source "ChessBase"]
[SourceDate "2012.10.19"]
[SourceVersion "1"]
[SourceVersionDate "2012.10.19"]
[SourceQuality "1"]

1. e4 Nf6 2. e5 Nd5 3. d4 d6 4. Nf3 Bg4 5. Be2 e6 6. 0-0 Be7 7. c4 Nb6 8. exd6 cxd6 9. Nc3 0-0 10. a4 a5 11. b3 N6d7 12. Bf4 Nf6 13. h3 Bh5 14. Re1 Qb6 15. Nb5 Na6 16. Rc1 Rac8 17. Nd2 Bg6 18. Nb1 Nb4 19. N1a3 Ne4 20. c5 Qd8 21. Nc4 dxc5 22. Bf3 Nd5 23. Bxe4 Nxf4 24. Bxb7 Nd3 25. Bxc8 Nxc1 26. Qxc1 Qxc8 27. Nxa5 cxd4 28. Nc6 Bf6 29. Ncxd4 Qb8 30. Nc6 Qb6 31. Qc4 h6 32. a5 Qa6 33. Na3 Qxc4 34. Nxc4 Rc8 35. N6e5 Bc2 36. b4 Bb3 37. Nb6 Rc7 38. a6 Ra7 39. b5 Bd8 40. Rb1 Bxb6 41. Rxb3 Ra8 42. Nd7 Bd4 43. Ra3 Ra7 44. b6 1-0

[Event "Lubuska Wiosna op 8th"]
[Site "Gorzow Wielkopolski"]
[Date "2012.04.07"]
[Round "7"]
[White "Swiderski, Radoslaw"]
[Black "Sokolowski, Roman"]
[Result "1-0"]
[WhiteElo "1850"]
[BlackElo "1857"]
[PlyCount "51"]
[EventDate "2012.04.04"]
[EventType "swiss"]
[EventRounds "7"]
[EventCountry "POL"]
[SourceTitle "CBM 147 Extra"]
[Source "ChessBase"]
[SourceDate "2012.04.24"]
[SourceVersion "1"]
[SourceVersionDate "2012.04.24"]
[SourceQuality "1"]

1. e4 c5 2. Nf3 Nc6 3. d4 cxd4 4. Nxd4 e6 5. Nc3 Qc7 6. Be2 Nf6 7. 0-0 a6 8. Be3 Bb4 9. Nxc6 bxc6 10. Qd4 Bd6 11. f4 e5 12. Qd2 exf4 13. Bxf4 Bxf4 14. Rxf4 0-0 15. Raf1 Qe5 16. Rf5 Qe7 17. e5 Qc5+ 18. Kh1 Nd5 19. Nxd5 Qxd5 20. Bd3 g6 21. Qh6 f6 22. Rh5 Qf7 23. Rxf6 Qg7 24. Bc4+ d5 25. exd6+ Be6 26. Rxe6 1-0